zpět

Detail výsledku týmu

Hotel Sport, Kralupy nad Vltavou

Datum a čas kvízu

32.5 Celkem bodů Celkový počet nahraných bodů na tomto kvízu bez doplňovacích otázek.
4. Pořadí na kvízu Konečné umístění týmu na tomto kvízu.

Zaznamenané odpovědi

# Otázka Odpověď Body Výsledky
1. Minulý týden se v pražských Z... Bolt 1
2. Ke dvěma a půl letům vězení by... D 0
3. Jedno z nejnovějších děl umělc... C) ve Veselí nad Moravou 1
4. Objem daňových nedoplatků za l... Česká správa sociálního zabezpečení 1
5. Jak se jmenuje český fotbalový... Václav Hladký 0
6. Podíváme se do zemí či krajů,... Muž z Acapulca 1
7. Ve filmu Tři veteráni ztvárnil... B 0
8. Brobdingnag, Laputa, Balnibarb... Gulliverovy cesty, Jonathan Swift 0
9. Přiřaďte tyto postavy z knižní... 1D 2A 3B 4C 1
10. Děj které humoristické novely... Rozmarné léto 1